[Event "TCh-TUR 2nd League 2011"]
[Site "Konya TUR"]
[Date "2011.07.04"]
[Round "1"]
[White "Kovchan, Alexander"]
[Black "Ulas, Soner Ilhan"]
[Result "1-0"]
[WhiteTitle "GM"]
[WhiteElo "2554"]
[BlackElo "1829"]
[WhiteTeam "Moda Istanbul"]
[BlackTeam "Cevre Orman Isparta"]
[WhiteFideId "14103052"]
[BlackFideId "6315461"]
[EventDate "2011.07.04"]

1. e4 c5 2. Nf3 d6 3. d4 cxd4 4. Nxd4 Nf6 5. Nc3 a6 6. Be2 e5 7. Nb3 Be6 8. f4
exf4 9. Bxf4 Nc6 10. Qd2 Be7 11. O-O-O Ne5 12. Nd4 Qa5 13. Nf5 Bxf5 14. exf5 O-O
15. Nd5 Qxd2+ 16. Rxd2 Nxd5 17. Rxd5 Rfe8 18. Rhd1 Rad8 19. c3 Kf8 20. h3 Rc8
21. Kb1 f6 22. R1d4 Rc7 23. Bd1 Rc5 24. Bb3 Rxd5 25. Bxd5 b5 26. a4 Rb8 27. a5
g5 28. Be3 h5 29. b4 Kg7 30. Kc2 Bd8 31. Re4 Bc7 32. Ba7 Rd8 33. Bf2 Rb8 34. Kb3
Nd3 35. Re7+ Kh6 36. Ba7 Rc8 37. Bb7 Bd8 38. Bxc8 Bxe7 39. Bxa6 Nf4 40. Bb7 d5
41. Bb8 Nxg2 1-0

[Event "TCh-TUR 2nd League 2011"]
[Site "Konya TUR"]
[Date "2011.07.04"]
[Round "1"]
[White "Celik, Abdullah"]
[Black "Erden, Kadir"]
[Result "1/2-1/2"]
[WhiteElo "1596"]
[BlackElo "2240"]
[WhiteTeam "Cevre Orman Isparta"]
[BlackTeam "Moda Istanbul"]
[WhiteFideId "6319661"]
[BlackFideId "6305776"]
[EventDate "2011.07.04"]

1. e4 c5 2. Nf3 e6 3. c4 d6 4. d4 cxd4 5. Nxd4 Nf6 6. Nc3 a6 7. Be2 Qc7 8. Be3
b6 9. Rc1 Bb7 10. f3 Nbd7 11. O-O Be7 12. Qd2 O-O 13. Rfd1 Rac8 14. Bf1 Rfe8 15.
Qf2 Bf8 16. b4 Qb8 17. Nb3 d5 18. cxd5 exd5 19. Nxd5 Nxd5 20. Rxc8 Rxc8 21. exd5
Bxb4 22. Bxb6 Bd6 23. g3 Nf6 24. Bh3 Re8 25. Bd4 Nxd5 26. Qb2 Bf8 27. Nc5 Bxc5
28. Bxc5 Bc6 29. Qxb8 Rxb8 30. Rd2 h5 31. Kf2 1/2-1/2

[Event "TCh-TUR 2nd League 2011"]
[Site "Konya TUR"]
[Date "2011.07.04"]
[Round "1"]
[White "Emiroglu, Volkan"]
[Black "Yuksel, Gorkem"]
[Result "1-0"]
[WhiteElo "1599"]
[BlackElo "1860"]
[WhiteTeam "Belediye Genclerbirligi Kastamonu"]
[BlackTeam "Kahramanmaras Belediye"]
[WhiteFideId "6310893"]
[BlackFideId "6303773"]
[EventDate "2011.07.04"]

1. d4 d5 2. c4 c6 3. Nc3 Nf6 4. e3 a6 5. Nf3 b5 6. cxd5 cxd5 7. a3 e6 8. Be2 Bd6
9. O-O O-O 10. h3 Nbd7 11. Re1 Bb7 12. Bd2 Nb6 13. Rc1 Rc8 14. Qb3 Nc4 15. Bxc4
dxc4 16. Qd1 Ne4 17. Nxe4 Bxe4 18. Bc3 a5 19. Nd2 Bb7 20. b4 axb4 21. axb4 Qe7
22. Rb1 Ra8 23. Qh5 Ra3 24. Rec1 Rxc3 25. Rxc3 Bxb4 26. Rc2 Bxd2 27. Rxd2 c3 28.
Ra2 Bd5 29. Ra5 b4 30. Rxd5 exd5 31. Qxd5 Rb8 32. Qc4 h6 33. d5 Qb7 34. Qb3 Qc7
35. Rc1 Qc5 36. Kf1 Kf8 37. Ke1 Qb5 38. Rd1 Ra8 39. d6 Ra3 40. Qc2 Ke8 41. Qe4+
Kd7 42. Qe7+ Kc6 43. Qc7# 1-0

[Event "TCh-TUR 2nd League 2011"]
[Site "Konya TUR"]
[Date "2011.07.04"]
[Round "1"]
[White "Abasov, Nijat Azad Oglu"]
[Black "Demirbas, Fatih"]
[Result "1-0"]
[WhiteTitle "GM"]
[WhiteElo "2481"]
[BlackElo "1764"]
[WhiteTeam "Ceyhan Belediye Adana"]
[BlackTeam "Genclik Trabzon"]
[WhiteFideId "13402960"]
[BlackFideId "6323243"]
[EventDate "2011.07.04"]

1. e4 c5 2. c3 e6 3. d4 d5 4. e5 Nc6 5. Nf3 cxd4 6. cxd4 Bb4+ 7. Bd2 Nge7 8. Bd3
Qb6 9. Bxb4 Qxb4+ 10. Qd2 Qxd2+ 11. Kxd2 O-O 12. Nc3 a6 13. Na4 b5 14. Nc5 Nf5
15. Bxf5 exf5 16. Rac1 h6 17. Rhe1 Nd8 18. g3 Ne6 19. Nxe6 Bxe6 20. Rc7 Rfc8 21.
Rec1 Kf8 22. Ne1 Rxc7 23. Rxc7 Rc8 24. Ra7 Rc4 25. Nc2 f4 26. b3 fxg3 27. fxg3
Rc8 28. Rxa6 Rb8 29. Nb4 g5 30. Nd3 Kg7 31. Nc5 Bc8 32. Rd6 Ra8 33. a4 bxa4 34.
bxa4 Be6 35. Kc3 h5 36. h4 gxh4 37. gxh4 Kg6 38. Nxe6 fxe6 39. Rxe6+ Kf5 40. Rd6
Rxa4 41. Rxd5 Kg4 42. e6 Ra8 43. e7 Re8 44. Re5 1-0

[Event "TCh-TUR 2nd League 2011"]
[Site "Konya TUR"]
[Date "2011.07.04"]
[Round "1"]
[White "Ozkan, Ervin"]
[Black "Ipek, Ekin"]
[Result "1-0"]
[WhiteElo "2219"]
[BlackElo "1633"]
[WhiteTeam "Ceyhan Belediye Adana"]
[BlackTeam "Genclik Trabzon"]
[WhiteFideId "6306004"]
[BlackFideId "6339948"]
[EventDate "2011.07.04"]

1. d4 Nf6 2. Nf3 e6 3. Bf4 c5 4. e3 Nc6 5. c3 d5 6. Nbd2 Bd6 7. Bg3 a6 8. Bd3
cxd4 9. exd4 O-O 10. Qe2 b5 11. a3 Na5 12. Ne5 Bb7 13. Bh4 Be7 14. Qf3 Nd7 15.
Bxe7 Qxe7 16. Qh3 g6 17. Nxd7 Qxd7 18. Nf3 f6 19. O-O Qd6 20. Rfe1 Rae8 21. Qh6
e5 22. Bxg6 hxg6 23. Qxg6+ Kh8 24. Nxe5 Qe6 25. Re3 fxe5 26. Qh5+ Kg7 27. Rg3+
Kf6 28. Qg5+ 1-0

[Event "TCh-TUR 2nd League 2011"]
[Site "Konya TUR"]
[Date "2011.07.04"]
[Round "1"]
[White "Kayabolen, Alisan"]
[Black "Selek, Yalcin"]
[Result "1-0"]
[WhiteElo "1920"]
[BlackElo "1611"]
[WhiteTeam "Beyaz Kale Hatay"]
[BlackTeam "Konya Shcek"]
[WhiteFideId "6315216"]
[BlackFideId "6314937"]
[EventDate "2011.07.04"]

1. e4 c5 2. Nf3 Nc6 3. d4 cxd4 4. Nxd4 d6 5. c4 Nf6 6. Nc3 g6 7. Be2 Bg7 8. Be3
Bd7 9. O-O Qc8 10. f3 O-O 11. Rc1 b6 12. Nd5 Qd8 13. Qd2 Rc8 14. b4 Ne5 15. Nb3
Bc6 16. Nxf6+ Bxf6 17. Rfd1 Nd7 18. c5 dxc5 19. b5 Ne5 20. Qxd8 Rfxd8 21. bxc6
Nxc6 22. Ba6 Rb8 23. Bb5 Nb4 24. a3 Na2 25. Rxd8+ Rxd8 26. Rc2 Nc3 27. Bf1 a5
28. Bd2 a4 29. Bxc3 axb3 30. Rd2 Rxd2 31. Bxd2 Bd4+ 32. Kh1 b2 33. Bd3 c4 34.
Bb1 b5 35. Bb4 e5 36. g3 f6 37. Kg2 Kf7 38. Kf1 Ke6 39. Ke2 h6 40. g4 g5 41. Kd2
Kd7 42. Kc2 Kc6 43. Bc3 Bxc3 44. Kxc3 Kc5 45. Bc2 Kb6 46. Kxb2 Kc6 47. Kc3 Kc5
48. Bb1 1-0

[Event "TCh-TUR 2nd League 2011"]
[Site "Konya TUR"]
[Date "2011.07.04"]
[Round "1"]
[White "Safarli, Eltaj"]
[Black "Sahin, Senol"]
[Result "1-0"]
[WhiteTitle "GM"]
[WhiteElo "2622"]
[BlackElo "1973"]
[WhiteTeam "Antalya Calli Antalya"]
[BlackTeam "Karaman Belediye"]
[WhiteFideId "13402129"]
[BlackFideId "6318851"]
[EventDate "2011.07.04"]

1. e4 e5 2. Nf3 Nc6 3. Bb5 a6 4. Ba4 Nf6 5. Qe2 b5 6. Bb3 Bc5 7. O-O d6 8. c3
O-O 9. Rd1 Bb6 10. h3 Qe7 11. d3 h6 12. Nbd2 Nh5 13. Nf1 Qf6 14. d4 Bb7 15. N1h2
Nf4 16. Bxf4 Qxf4 17. g3 Qf6 18. Ng4 Qe7 19. Nh4 exd4 20. Nf5 Qd8 21. Ngxh6+ Kh7
22. Nxf7 1-0

[Event "TCh-TUR 2nd League 2011"]
[Site "Konya TUR"]
[Date "2011.07.04"]
[Round "1"]
[White "Kelebek, Emre"]
[Black "Laciner, Kerem"]
[Result "0-1"]
[BlackTitle "FM"]
[WhiteElo "1946"]
[BlackElo "2307"]
[WhiteTeam "Karaman Belediye"]
[BlackTeam "Antalya Calli Antalya"]
[WhiteFideId "6309933"]
[BlackFideId "6301550"]
[EventDate "2011.07.04"]

1. e4 c5 2. Nf3 d6 3. d4 cxd4 4. Nxd4 Nf6 5. Nc3 a6 6. Be2 e6 7. f4 Be7 8. Qd3
Nbd7 9. Bf3 Qc7 10. Be3 O-O 11. Nb3 Rd8 12. O-O-O Nb6 13. Kb1 Nc4 14. Bc1 b5 15.
g4 Bb7 16. g5 Nd7 17. h4 Rac8 18. Rdg1 b4 19. Nd1 Nde5 20. fxe5 Nxe5 21. Qe2
Nxf3 22. Rg2 Ne5 23. h5 Qc4 24. Na5 Qxe2 25. Rxe2 Ba8 26. Nf2 Nf3 27. g6 f5 28.
gxh7+ Kxh7 29. h6 g5 30. exf5 Nd4 31. Rhe1 e5 32. Re4 Nxc2 33. f6 Bxf6 34. Rf1
Rf8 35. Ng4 Bxe4 0-1

[Event "TCh-TUR 2nd League 2011"]
[Site "Konya TUR"]
[Date "2011.07.04"]
[Round "1"]
[White "Yildiz, Betul Cemre"]
[Black "Kovan, Nazli"]
[Result "1-0"]
[WhiteTitle "WIM"]
[WhiteElo "2282"]
[BlackElo "1600"]
[WhiteTeam "Antalya Calli Antalya"]
[BlackTeam "Karaman Belediye"]
[WhiteFideId "6302920"]
[BlackFideId "6313396"]
[EventDate "2011.07.04"]

1. e4 d6 2. d4 Nf6 3. f3 g6 4. c4 Bg7 5. Nc3 O-O 6. Be3 Nbd7 7. Qd2 Re8 8. Bd3
e5 9. Nge2 c5 10. dxc5 dxc5 11. O-O-O a6 12. g4 b5 13. cxb5 axb5 14. Bxb5 Qc7
15. g5 Nh5 16. Qd5 Rb8 17. Bxd7 Rd8 18. Qxc5 Qxc5 19. Bxc5 Bxd7 20. Be7 1-0

[Event "TCh-TUR 2nd League 2011"]
[Site "Konya TUR"]
[Date "2011.07.05"]
[Round "2"]
[White "Rasulov, Vugar Ural oglu"]
[Black "Baltag, Iulian"]
[Result "1-0"]
[WhiteTitle "GM"]
[BlackTitle "IM"]
[WhiteElo "2522"]
[BlackElo "2419"]
[WhiteTeam "Antalya Calli Antalya"]
[BlackTeam "Taskinkoy KKTC"]
[WhiteFideId "13402390"]
[BlackFideId "13901419"]
[EventDate "2011.07.04"]

1. e4 c5 2. Nf3 Nc6 3. d4 cxd4 4. Nxd4 Nf6 5. Nc3 d6 6. Bg5 e6 7. Qd2 Be7 8.
O-O-O Nxd4 9. Qxd4 O-O 10. f3 a6 11. h4 b5 12. Qd2 Bb7 13. Bd3 Rc8 14. Kb1 Nd7
15. Ne2 Ne5 16. Nd4 d5 17. Qe3 Nxd3 18. cxd3 Qd7 19. Bxe7 Qxe7 20. e5 b4 21. h5
Bc6 22. f4 Bd7 23. g4 f6 24. g5 fxg5 25. fxg5 a5 26. h6 g6 27. Rhf1 a4 28. Rf6
Rxf6 29. gxf6 Qc5 30. Rc1 Qxc1+ 31. Qxc1 Rxc1+ 32. Kxc1 g5 33. Kd2 Kf7 34. Nf3
Kg6 35. Nxg5 Kxh6 36. Ke3 Kg6 37. Kf4 a3 38. b3 Ba4 39. f7 Kg7 40. Nxe6+ Kxf7
41. Nd4 Bd7 42. Nc2 Bb5 43. Nxb4 Ke6 44. d4 h6 45. Nc2 Bd3 46. Nxa3 Kd7 47. Ke3
Be4 48. Nb5 Kc6 49. Nc3 Bf5 50. Kf4 Be6 51. b4 Kb6 52. a4 1-0

[Event "TCh-TUR 2nd League 2011"]
[Site "Konya TUR"]
[Date "2011.07.05"]
[Round "2"]
[White "Sakalli, Mustafa"]
[Black "Firat, Burak"]
[Result "0-1"]
[BlackTitle "IM"]
[WhiteElo "2003"]
[BlackElo "2373"]
[WhiteTeam "Taskinkoy KKTC"]
[BlackTeam "Antalya Calli Antalya"]
[WhiteFideId "6301533"]
[BlackFideId "6305881"]
[EventDate "2011.07.04"]

1. Nf3 Nf6 2. g3 d5 3. c4 c6 4. b3 Bf5 5. Bb2 e6 6. Bg2 Be7 7. O-O h6 8. d3 O-O
9. Nbd2 Bh7 10. Bxf6 Bxf6 11. d4 Nd7 12. Re1 Be7 13. e4 Bb4 14. Re3 Nf6 15. exd5
exd5 16. a3 Ba5 17. b4 Bc7 18. b5 dxc4 19. bxc6 b5 20. Nb1 Nd5 21. Nc3 Nxe3 22.
fxe3 a6 23. Ne5 Qg5 24. Nd5 Bxe5 25. dxe5 Bd3 26. e6 fxe6 27. Nf4 Qe5 28. Qe1 0-1

[Event "TCh-TUR 2nd League 2011"]
[Site "Konya TUR"]
[Date "2011.07.05"]
[Round "2"]
[White "Sipahioglu, Irmak"]
[Black "Boztuna, Mehmet"]
[Result "1-0"]
[WhiteElo "2092"]
[BlackElo "1833"]
[WhiteTeam "Antalya Calli Antalya"]
[BlackTeam "Taskinkoy KKTC"]
[WhiteFideId "6307205"]
[BlackFideId "6325645"]
[EventDate "2011.07.04"]

1. d4 d6 2. Nf3 Nf6 3. c4 Nbd7 4. Nc3 e5 5. e4 Be7 6. Be2 O-O 7. O-O c6 8. Re1
Re8 9. Bf1 Qc7 10. d5 a6 11. Be3 c5 12. a3 Nf8 13. b4 b6 14. h3 Bd7 15. Qd2 Rec8
16. Rec1 Ng6 17. g3 Ne8 18. Kh2 Rcb8 19. Rab1 Bf8 20. Bd3 Ne7 21. Nh4 Qc8 22. g4
g6 23. f4 f6 24. f5 Bg7 25. Nf3 h5 26. Rg1 hxg4 27. hxg4 g5 28. Kg3 Bh6 29. Rh1
Bf8 30. Bxg5 fxg5 31. Qxg5+ Ng7 32. f6 Qd8 33. fxg7 Bxg7 34. Qh5 Qf8 35. Ne2 Qf7
36. Qh7+ Kf8 37. Rbf1 Ke8 38. Ng5 Qg8 39. Rf7 1-0

[Event "TCh-TUR 2nd League 2011"]
[Site "Konya TUR"]
[Date "2011.07.05"]
[Round "2"]
[White "Eden, Yagiz"]
[Black "Tekeli, Taylan Can"]
[Result "1/2-1/2"]
[WhiteElo "1756"]
[BlackElo "1901"]
[WhiteTeam "Taskinkoy KKTC"]
[BlackTeam "Antalya Calli Antalya"]
[WhiteFideId "6325459"]
[BlackFideId "6313191"]
[EventDate "2011.07.04"]

1. e4 c5 2. Nf3 g6 3. d3 Bg7 4. g3 Nc6 5. Bg2 d6 6. c3 Nf6 7. Qe2 O-O 8. O-O Qc7
9. Re1 Rb8 10. Nbd2 b5 11. Nf1 Bg4 12. h3 Bxf3 13. Bxf3 b4 14. Bd2 Nd7 15. Ne3
e6 16. Bg2 bxc3 17. Bxc3 Nd4 18. Qd2 Rb5 19. Rac1 Qb8 20. b3 h5 21. Nc2 Nxc2 22.
Qxc2 Bxc3 23. Qxc3 Rb4 24. Rb1 Qb5 25. Red1 Rd4 26. f4 Rb8 27. Bf1 Qb4 28. Qxb4
Rdxb4 29. Rbc1 a5 30. Rc4 e5 31. Rdc1 f6 32. Be2 Kg7 33. Bd1 h4 34. Kf2 hxg3+
35. Kxg3 exf4+ 36. Kxf4 Ne5 37. R4c3 Rh8 38. Kg3 Rd4 39. Be2 g5 40. Rd1 Ng6 41.
Bf1 Ne5 42. Be2 Rh4 43. Bg4 Rh8 44. Be2 Nc6 45. a3 Ne5 46. Rb1 Rb8 47. Rbc1 Ng6
48. Bf1 Nf4 49. R1c2 Rh8 50. Rc1 Kg6 51. R1c2 Re8 52. Kf3 Re5 53. Rc4 Ne6 54.
R4c3 Nc7 55. Rc4 Nb5 56. a4 Rxc4 57. Rxc4 Nd4+ 58. Kf2 Re7 59. Be2 Nxb3 60. Rc2
Rb7 61. Rb2 Rb4 62. Bd1 Nd4 63. Rxb4 cxb4 64. Ke3 Ne6 65. d4 f5 66. Bc2 f4+ 67.
Kd3 Kf6 68. Bd1 Nc7 69. Kc4 Ke6 70. Bg4+ Kf6 71. Bd1 Ke7 72. Bf3 Kd7 73. Bg4+
Ke7 74. Bf3 Kd7 75. Bg4+ Kc6 76. Bf3 Kd7 77. Bg4+ Kd8 78. Be2 Ke8 79. Bf3 Kf7
80. Bd1 Kg6 81. Be2 Kf6 82. Bd1 Kf7 83. Bf3 Ke8 84. Bd1 1/2-1/2

[Event "TCh-TUR 2nd League 2011"]
[Site "Konya TUR"]
[Date "2011.07.05"]
[Round "2"]
[White "Durmaz, Ayca Fatma"]
[Black "Ozcay, Irem Naziyet"]
[Result "0-1"]
[WhiteElo "1825"]
[BlackElo "1594"]
[WhiteTeam "Antalya Calli Antalya"]
[BlackTeam "Taskinkoy KKTC"]
[WhiteFideId "6317855"]
[BlackFideId "6338887"]
[EventDate "2011.07.04"]

1. c4 e5 2. g3 d6 3. Bg2 f5 4. Nc3 Nf6 5. e4 c6 6. d4 Be7 7. dxe5 dxe5 8. Qxd8+
Bxd8 9. Nf3 Bc7 10. exf5 Bxf5 11. Nd2 Nbd7 12. Nce4 Nxe4 13. Nxe4 Nf6 14. Nc5
Ba5+ 15. Ke2 O-O-O 16. Bg5 h6 17. Bxf6 gxf6 18. Rhd1 Bb6 19. Na4 Bd4 20. Rac1 e4
21. h3 Bg6 22. b4 f5 23. c5 Bh5+ 24. g4 fxg4 25. Kf1 g3 26. Re1 e3 27. f3 Rhf8
28. Ke2 Rfe8 29. Red1 Bf7 30. Rc2 Bg6 31. Rc4 Bf6 32. Rxd8+ Rxd8 33. Rg4 Bg5 34.
h4 Rd2+ 35. Kf1 e2+ 36. Ke1 Bd3 37. Nc3 Rc2 38. Nxe2 Rxe2+ 0-1

[Event "TCh-TUR 2nd League 2011"]
[Site "Konya TUR"]
[Date "2011.07.05"]
[Round "2"]
[White "Volokitin, Andrei"]
[Black "Jojua, Davit"]
[Result "1-0"]
[WhiteTitle "GM"]
[BlackTitle "GM"]
[WhiteElo "2683"]
[BlackElo "2505"]
[WhiteTeam "Beyaz Kale Hatay"]
[BlackTeam "Azdur Ordu"]
[WhiteFideId "14107090"]
[BlackFideId "13602543"]
[EventDate "2011.07.04"]

1. e4 c6 2. d4 d5 3. Nc3 dxe4 4. Nxe4 Bf5 5. Ng3 Bg6 6. h4 h6 7. Nf3 Nd7 8. h5
Bh7 9. Bd3 Bxd3 10. Qxd3 e6 11. Bd2 Ngf6 12. O-O-O Be7 13. Kb1 O-O 14. Ne4 Nxe4
15. Qxe4 Nf6 16. Qe2 Qd5 17. Ne5 Qe4 18. Qxe4 Nxe4 19. Be1 Rfd8 20. f3 Nf6 21.
Bf2 Rac8 22. c4 Kf8 23. g4 Nd7 24. Kc2 Nxe5 25. dxe5 b6 26. f4 Rxd1 27. Rxd1 Rd8
28. Rxd8+ Bxd8 29. a4 g6 30. c5 gxh5 31. gxh5 Ke8 32. Kd3 bxc5 33. Bxc5 Bb6 34.
Bb4 Bd8 35. Ke4 f5+ 36. exf6 Bxf6 37. Bc3 Kf7 38. Bxf6 Kxf6 39. b4 Kf7 40. Kd4
Ke7 41. Ke5 Kd7 42. a5 a6 43. Ke4 1-0

[Event "TCh-TUR 2nd League 2011"]
[Site "Konya TUR"]
[Date "2011.07.05"]
[Round "2"]
[White "Sivri, Gorkem"]
[Black "Lenic, Luka"]
[Result "0-1"]
[BlackTitle "GM"]
[WhiteElo "2207"]
[BlackElo "2634"]
[WhiteTeam "Azdur Ordu"]
[BlackTeam "Beyaz Kale Hatay"]
[WhiteFideId "6301266"]
[BlackFideId "14603853"]
[EventDate "2011.07.04"]

1. b3 e5 2. Bb2 d6 3. e4 Nf6 4. Nc3 Nc6 5. Bb5 Be7 6. d4 Bd7 7. d5 Nb8 8. Bxd7+
Nbxd7 9. Qe2 O-O 10. Nf3 c6 11. O-O-O Qc7 12. Kb1 Rfc8 13. dxc6 bxc6 14. Nh4 g6
15. g3 Re8 16. Ng2 Nc5 17. h4 Rad8 18. h5 Bf8 19. hxg6 fxg6 20. Ne3 Qf7 21. Nc4
Qe6 22. Rhe1 Bg7 23. Ba3 Nb7 24. f4 exf4 25. gxf4 d5 26. exd5 Qxe2 27. Rxe2 Rxe2
28. Nxe2 Nxd5 29. Bb2 Ne7 30. Rg1 Nd6 31. Ne5 Ndf5 32. Nd3 Nd5 33. Bxg7 Kxg7 34.
Ne5 Nde7 35. Nd3 h5 36. Nc3 h4 37. Ne4 Nd5 38. Ng5 Re8 39. Nf3 Re3 40. Nfe5 Nde7
41. Rh1 Rg3 42. Kc1 Kh6 43. a4 Kh5 44. b4 Nd4 45. c4 Nef5 46. b5 cxb5 47. axb5
Rg2 48. Kb1 Ng3 49. Rh3 Nge2 50. Ne1 Rg1 51. Kb2 Rxe1 52. Nxg6 Kxg6 53. Rxh4 Rc1
54. Rg4+ Kf6 0-1

[Event "TCh-TUR 2nd League 2011"]
[Site "Konya TUR"]
[Date "2011.07.05"]
[Round "2"]
[White "Guner, Sati Emre"]
[Black "Oner, Oguz"]
[Result "1-0"]
[WhiteElo "2105"]
[BlackElo "1741"]
[WhiteTeam "Azdur Ordu"]
[BlackTeam "Beyaz Kale Hatay"]
[WhiteFideId "6304192"]
[BlackFideId "6329330"]
[EventDate "2011.07.04"]

1. e4 d5 2. exd5 Nf6 3. d4 Bg4 4. Nf3 Nxd5 5. c4 Nf6 6. Be3 e6 7. Be2 Nbd7 8.
Nc3 c6 9. O-O Bd6 10. h3 Bh5 11. Qd2 Qc7 12. a3 O-O 13. b4 Rfe8 14. Rad1 Rad8
15. c5 Bf8 16. Bf4 Qc8 17. Ne5 Nxe5 18. Bxe5 Bxe2 19. Qxe2 Nd5 20. Nxd5 exd5 21.
Qd3 a6 22. Rfe1 Re6 23. f4 Rde8 24. f5 R6e7 25. Kh2 f6 26. Bg3 Re4 27. Qf3 Qd7
28. Bf2 Qe7 29. Rxe4 Qxe4 30. Qxe4 Rxe4 31. Re1 Rxe1 32. Bxe1 g6 33. Kg3 Bh6 34.
fxg6 hxg6 35. Kf3 Bc1 36. a4 f5 37. Ke2 Kg7 38. g3 Kh6 39. Bf2 g5 40. g4 fxg4
41. hxg4 Kg6 42. Kd3 Kf6 43. Kc2 Bf4 44. Kd3 Bc1 45. Bg3 Bf4 46. Bxf4 gxf4 47.
Ke2 Kg6 48. Kf3 Kg5 49. a5 Kg6 50. Kxf4 Kf6 51. g5+ Kg6 52. Kg4 Kg7 53. Kf5 Kf7
54. g6+ Kg7 55. Kg5 Kg8 56. Kf6 Kf8 57. g7+ Kg8 58. Kg6 1-0

[Event "TCh-TUR 2nd League 2011"]
[Site "Konya TUR"]
[Date "2011.07.05"]
[Round "2"]
[White "Gundogan, Cem"]
[Black "Kayabolen, Alisan"]
[Result "1-0"]
[WhiteElo "1823"]
[BlackElo "1920"]
[WhiteTeam "Azdur Ordu"]
[BlackTeam "Beyaz Kale Hatay"]
[WhiteFideId "6311032"]
[BlackFideId "6315216"]
[EventDate "2011.07.04"]

1. e4 c5 2. Nf3 d6 3. d4 cxd4 4. Qxd4 Nc6 5. Bb5 Bd7 6. Bxc6 bxc6 7. e5 d5 8. c4
e6 9. O-O c5 10. Qf4 h6 11. Nc3 Ne7 12. cxd5 exd5 13. Rd1 d4 14. Ne4 Ng6 15. Qg3
a5 16. h4 h5 17. Nfg5 Bf5 18. Qf3 Qc8 19. Nxf7 Kxf7 20. e6+ Kxe6 21. Qb3+ Kd7
22. Qd5+ Kc7 23. Nxc5 Bd6 24. Bg5 Rb8 25. Rac1 1-0

[Event "TCh-TUR 2nd League 2011"]
[Site "Konya TUR"]
[Date "2011.07.05"]
[Round "2"]
[White "Buyukasik, Diyap"]
[Black "Ikis, Melih Firat"]
[Result "1/2-1/2"]
[WhiteElo "1994"]
[BlackElo "1866"]
[WhiteTeam "Beyaz Kale Hatay"]
[BlackTeam "Azdur Ordu"]
[WhiteFideId "6319602"]
[BlackFideId "6327680"]
[EventDate "2011.07.04"]

1. d4 Nf6 2. Nf3 g6 3. c4 Bg7 4. g3 O-O 5. Bg2 d5 6. O-O dxc4 7. Na3 Nbd7 8.
Nxc4 c5 9. Qc2 cxd4 10. Nxd4 Nb6 11. Nxb6 Qxb6 12. Nb3 Be6 13. Be3 Qb4 14. Qc5
Qxc5 15. Bxc5 Bd5 16. Bxd5 Nxd5 17. Rad1 Nb6 18. Nd4 Rfd8 19. e3 e6 20. b3 Rd5
21. b4 Rad8 22. Rc1 Nc8 23. Nb3 b6 24. Bd4 Ne7 25. Bxg7 Kxg7 26. Rc7 R5d7 27.
Rc2 e5 28. Rfc1 f5 29. Kf1 Rd1+ 30. Ke2 Rxc1 31. Nxc1 Rd7 32. Nd3 Kf6 33. f4
exf4 34. gxf4 h6 35. Ne5 Rb7 36. Kd3 g5 37. Kd4 Ke6 38. a3 Kf6 39. Rc4 Ke6 40.
Kd3 Kf6 41. b5 Ke6 42. a4 g4 43. Ke2 h5 44. Nc6 Rc7 45. Nd4+ Kd7 46. Rxc7+ Kxc7
47. Kf2 h4 48. Ke2 Kd6 49. Kd3 Kd5 50. Ne2 Ng6 51. Nc3+ Kc5 52. Ne2 Kb4 53. e4
fxe4+ 54. Kxe4 Kxa4 55. Kf5 Nf8 56. Kxg4 Kxb5 57. Kxh4 a5 58. Kg5 a4 59. Kf6 a3
60. Nc1 Kc4 61. f5 Kc3 62. Kg7 Kc2 63. Na2 Nd7 64. h4 Kb3 65. Nc1+ Kb2 66. Nd3+
Kc3 67. Nc1 Kc2 68. Na2 1/2-1/2

[Event "TCh-TUR 2nd League 2011"]
[Site "Konya TUR"]
[Date "2011.07.05"]
[Round "2"]
[White "Drenchev, Petar"]
[Black "Kobalia, Mikhail"]
[Result "1/2-1/2"]
[WhiteTitle "GM"]
[BlackTitle "GM"]
[WhiteElo "2523"]
[BlackElo "2679"]
[WhiteTeam "Dobruca Istanbul"]
[BlackTeam "Ceyhan Belediye Adana"]
[WhiteFideId "2903261"]
[BlackFideId "4119150"]
[EventDate "2011.07.04"]

1. d4 d5 2. c4 c6 3. Nc3 dxc4 4. e3 b5 5. a4 b4 6. Na2 e6 7. Bxc4 Nf6 8. Nf3
Nbd7 9. O-O Bb7 10. Bd2 a5 11. Nc1 c5 12. Nb3 Bd6 13. Rc1 O-O 14. Qe2 Qb6 15.
Rfd1 Rac8 16. Be1 Rfd8 17. Bb5 cxd4 18. Nfxd4 Bd5 19. Rxc8 Rxc8 20. e4 Bxb3 21.
Nxb3 Nc5 22. Nd2 Qb8 23. g3 Bc7 24. f3 e5 25. Nc4 Ne6 26. Bf2 Rd8 27. Rxd8+ Qxd8
28. Qd2 Qe7 29. Kg2 h6 30. Nb6 Nc5 31. Nd5 Nxd5 32. Qxd5 Ne6 33. Bc4 Kh7 34. Be3
h5 35. Qc6 Bd6 36. Bb6 Bc5 37. Bxe6 Bxb6 38. Qxb6 fxe6 39. Qxa5 Qd6 40. Qa7 Qd3
41. Qf2 b3 42. a5 Kg6 43. Kh3 Qc2 44. Kg2 Qd3 45. Kh3 Qc2 46. Kg2 1/2-1/2

[Event "TCh-TUR 2nd League 2011"]
[Site "Konya TUR"]
[Date "2011.07.05"]
[Round "2"]
[White "Goksel, Doga Cihan"]
[Black "Ozgur, Sercin"]
[Result "1-0"]
[WhiteElo "2281"]
[BlackElo "2190"]
[WhiteTeam "Ceyhan Belediye Adana"]
[BlackTeam "Dobruca Istanbul"]
[WhiteFideId "6301924"]
[BlackFideId "6300480"]
[EventDate "2011.07.04"]

1. Nf3 Nf6 2. d4 g6 3. c4 Bg7 4. g3 d6 5. Bg2 O-O 6. O-O Nc6 7. Nc3 Bd7 8. e4 a6
9. h3 Rb8 10. e5 Ne8 11. Bf4 Na5 12. b3 e6 13. Qe2 b5 14. cxb5 Bxb5 15. Nxb5
axb5 16. Rac1 Qd7 17. Rfd1 d5 18. h4 Nb7 19. Bd2 f6 20. Bb4 Rf7 21. Rc2 Nd8 22.
Rdc1 Rb7 23. Bh3 Bh6 24. exf6 Bxc1 25. Ne5 Qc8 26. Nxf7 Kxf7 27. Rxc1 Nxf6 28.
Qf3 Qd7 29. g4 Kg7 30. g5 Ng8 31. Bf8+ Kh8 32. Qf4 Nf7 33. Re1 e5 34. dxe5 Qxh3
35. Qxf7 Qg4+ 36. Kf1 Qh3+ 37. Ke2 Qg4+ 38. f3 Qg2+ 39. Kd1 1-0